000 01179cac a2200361 i 4500
003 EG-GICUC
005 20260304094924.0
008 260304s2005 mnu fr 001 0 eng d
020 _a0314166505
_qteacher's manual : alk. paper
020 _a9780314166500
_q(teacher's manual : alk. paper)
040 _aDLC
_cDLC
_dDLC
_dEG-GICUC
_beng
_erda
043 _an-us---
050 0 0 _aKF9430.A7
_bM34 2005
082 0 0 _a341.77
_221
092 0 4 _221
099 _aLaw 10 2005
100 1 _aMaggs, Gregory E.
245 1 0 _aTerrorism and the law :
_bcases and materials /
_cby Gregory E. Maggs.
264 _aSt. Paul, MN :
_bThomson/West,
_c2005.
300 _avi, 158 pages ;
_c27 cm.
_billustrations,
336 _atext
_2rdacontent
337 _aComputer
_2rdamedia
338 _aOnline Resource
_2rdacarrier
440 0 _aAmerican casebook series
504 _aBibliography: pages 200-250.
525 _aKept up to date by supplements.
650 0 _aTerrorism
_zUnited States
_vCases.
_2qrmak
650 0 _aTerrorism
_vCases.
_2qrmak
651 1 _2qrmak
856 4 0 _uhttps://fll.law.cu.edu.eg/fulltext/bks/ENGB10-00146.pdf
905 _a10
942 _2ddc
_cBK
_e21
_n0
999 _c64891
_d64891